LEADER 00937nam a2200217 4500 001 000000346040 003 CaOOAMICUS 005 20210517104355.0 008 210517s1932 it a 000 u ita r 040 $aSeMil$bita 100 1 $aMauro, Francesco.$0(OLS)http://semarc/name/34095 245 12$aL'uomo e la macchina /$cFrancesco Mauro. 264 1$aPadova :$bIstituto veneto di arti grafiche,$c1933. 300 $a34 p.,$b[4] p. di tav. ;$c25 cm 518 $aDiscorso pronunziato alla Scuola di Coltura Cattolica in Vicenza il 17 dicembre 1933 650 4$aSviluppo economico e progresso tecnico.$0(OLS)http://semarc/subject/20347 850 $aSeMil 852 $aSeMil$W1$xVenegono$y1$m5A III 6/19$j226080$B237077$CSeMilBibl$Z2$F237077 $81 996 $6245$aL'uomo e la macchina$9(OLS)http://semarc/title/435239 996 $6264$aPadova :$bIstituto veneto di arti grafiche$9(OLS)http://semarc/publisher/51109 LEADER 00603nab a2200133 i 4500 001 000000327908 003 CaOOAMICUS 005 20180831173550.0 008 180831n it uu u0 0ita r 013 $a39502 040 $aSeMil$bita 245 10$aQuadriennio Teologico. Un delicato e prezioso dialogo. Incontro con il pastore Paolo Spanu. - In [rubrica] :$bNotizie dai Seminari. 773 0 $tTu sei la mia gioia... eccomi!.$gp.19$w()290628 996 $6245$aQuadriennio Teologico. Un delicato e prezioso dialogo. Incontro con il pastore Paolo Spanu. - In [rubrica] :$bNotizie dai Seminari.$9(OLS)http://semarc/title/416512